| 000 | 00477nam a2200193 4500 | ||
|---|---|---|---|
| 003 | LK-CoMWRAF | ||
| 005 | 20230908122557.0 | ||
| 008 | 230908b1974 |||||||| |||| 00| 0 eng d | ||
| 020 | _a 0582525063 | ||
| 040 |
_aLK-CoMWRAF _dLK-CoMWRAF _eLK-CoMWRAF |
||
| 041 | _aeng | ||
| 082 |
_a425 _bALL |
||
| 100 | _aAllen, William S. | ||
| 245 | _aLiving English structure | ||
| 250 | _a5th Edition | ||
| 260 |
_aLondon : _bLongman, _c1974 |
||
| 650 | _aEnglish Grammar | ||
| 942 | _cBK | ||
| 999 |
_c3485 _d3485 |
||